header

Bioethics and armed conflict (Record no. 247870)

MARC details
000 -LEADER
fixed length control field 01492nam a22004094a 4500
082 04 - DEWEY DECIMAL CLASSIFICATION NUMBER
Classification number 174.2
100 1# - MAIN ENTRY--AUTHOR NAME
Personal name Gross, Michael L.,
245 10 - TITLE STATEMENT
Title Bioethics and armed conflict
260 ## - PUBLICATION, DISTRIBUTION, ETC. (IMPRINT)
Place of publication Cambridge, Mass. :
Name of publisher MIT Press,
Year of publication c2006.
300 ## - PHYSICAL DESCRIPTION
Number of Pages xv, 384 p.
490 1# - SERIES STATEMENT
Series statement Basic bioethics
650 #0 - SUBJECT ADDED ENTRY--TOPICAL TERM
Topical Term Medical ethics.
Topical Term Military ethics.
Topical Term War.
Topical Term Medicine, Military
856 40 - ELECTRONIC LOCATION AND ACCESS
Uniform Resource Identifier http://site.ebrary.com/lib/rucke/Doc?id=10173586

No items available.

© 2026 Rongo University
Contact us: librarian | system librarian | Rongo university